XXIII. demografická konference ČSDS "Demografie českých zemí a Slovenska ve 20. století".
Demografická situácia a vývoj do 1. svetovej vojny, ako aj v období prvej republiky. Mníchov a 2. svetová vojna z hľadiska demografie. Hlavné demografické trendy po 2. svetovej vojne. Súčasné demografické postavenie českých krajov a Slovenska v Európe. Demografické perspektívy Českej a Slovenskej re...
Salvato in:
| Natura: | Capitolo di libro |
|---|---|
| Lingua: | ceco |
| Soggetti: | |
| Tags: |
Nessun Tag, puoi essere il primo ad aggiungerne!!
|
MARC
| LEADER | 00000naa a2200000 4500 | ||
|---|---|---|---|
| 001 | r012936 | ||
| 005 | 20221205075610.8 | ||
| 041 | 0 | |a cze | |
| 044 | |a CZ | ||
| 245 | 1 | 0 | |a XXIII. demografická konference ČSDS "Demografie českých zemí a Slovenska ve 20. století". |
| 520 | |a Demografická situácia a vývoj do 1. svetovej vojny, ako aj v období prvej republiky. Mníchov a 2. svetová vojna z hľadiska demografie. Hlavné demografické trendy po 2. svetovej vojne. Súčasné demografické postavenie českých krajov a Slovenska v Európe. Demografické perspektívy Českej a Slovenskej republiky v Európe. | ||
| 610 | 2 | 0 | |a demografia |
| 610 | 2 | 0 | |a Slovensko |
| 610 | 2 | 0 | |a Čechy |
| 610 | 2 | 0 | |a ČSFR |
| 610 | 2 | 0 | |a konferencie |
| 610 | 2 | 0 | |a ČSR |
| 610 | 2 | 0 | |a údaje štatistické |
| 610 | 2 | 0 | |a dejiny hospodárske |